000 00525nam a2200205Ia 4500
005 20231128115825.0
008 131103s9999 xx 000 0 und d
040 _aLoreto College
041 _aEnglish
082 _a396
_bCOR
100 _aCormack,Margaret
245 4 _aThe Hindu Women
_c Margaret Cormack
260 _aBombay
_bAsia Publishing House
_c1961
300 _axii,200 p.
504 _aIncludes bibliography and index
650 _aWomen
651 _aSocial Groups
850 _aLCLIB
942 _cBK
999 _c12835
_d63314